Datum a čas kvízu
30
Celkem bodů
Celkový počet nahraných bodů na tomto kvízu bez doplňovacích otázek.
11.
Pořadí na kvízu
Konečné umístění týmu na tomto kvízu.
Zaznamenané odpovědi
| # | Otázka | Odpověď | Body | Výsledky |
|---|---|---|---|---|
| 1. | Ministr školství Robert Plaga... | 26. června | 1 | |
| 2. | Ve čtvrtek krátce po půlnoci s... | Artemis II | 1 | |
| 3. | Která světově proslulá zpěvačk... | Céline Dion | 0 | |
| 4. | Jeden evropský výrobce nákladn... | Mercedes(-Benz) | 0 | |
| 5. | „Všichni už jsou v Mexiku, Bue... | 3:1 | 0 | |
| 6. | Vítězné téma facebookového hla... | 1D 2A 3C 4B | 0 | |
| 7. | Ve Formuli 1 můžeme občas zazn... | A | 1 | |
| 8. | Nejvíce velkých cen, k sezóně... | A | 0 | |
| 9. | Tato stáj působila ve Formuli... | Benetton | 0 | |
| 10. | Ve kterém státě se nachází záv... | v Mexiku | 0 |